[Event "Wiesbaden op 31st"]
[Site "Wiesbaden"]
[Date "2019.08.25"]
[Round "6"]
[White "Wunschik, Joachim"]
[Black "Papadopoulos, Ioannis1111"]
[Result "0-1"]
[WhiteElo "1837"]
[BlackElo "1921"]
[PlyCount "100"]
[EventDate "2019.08.22"]
[EventType "swiss"]
[EventRounds "7"]
[EventCountry "GER"]
[SourceTitle "EXT 2020"]
[Source "ChessBase"]
[SourceDate "2019.10.17"]
[SourceVersion "1"]
[SourceVersionDate "2019.10.17"]
[SourceQuality "1"]

1. d4 d5 2. Bf4 Nf6 3. e3 e6 4. Bd3 c5 5. c3 Bd6 6. Bxd6 Qxd6 7. Nf3 Nc6 8. Nbd2 Bd7 9. 0-0 0-0 10. h3 Rfe8 11. Rc1 e5 12. dxe5 Nxe5 13. Nxe5 Qxe5 14. Qf3 Bc6 15. Qf5 Qxf5 16. Bxf5 Rad8 17. Nf3 g6 18. Bb1 d4 19. cxd4 Bxf3 20. gxf3 cxd4 21. Rfd1 dxe3 22. Rxd8 exf2+ 23. Kxf2 Rxd8 24. Ke2 Nd5 25. Be4 Nf4+ 26. Ke3 Nxh3 27. Bxb7 Ng5 28. Rc8 Rxc8 29. Bxc8 Kf8 30. f4 Ne6 31. b4 Ke7 32. Bb7 Kd6 33. Bf3 Nc7 34. Kd4 h5 35. a4 Ne6+ 36. Ke3 Nc7 37. Kd4 h4 38. Bg2 f6 39. Be4 g5 40. fxg5 Ne6+ 41. Kc4 fxg5 42. a5 g4 43. b5 h3 44. b6 axb6 45. axb6 g3 46. Kb5 g2 47. Bxg2 hxg2 48. Ka6 g1Q 49. Ka7 Kc6 50. Ka8 Kxb6 0-1

[Event "Wiesbaden op 29th"]
[Site "Wiesbaden"]
[Date "2017.08.26"]
[Round "4"]
[White "Wunschik, Joachim"]
[Black "Li, Maxim"]
[Result "0-1"]
[WhiteElo "1762"]
[BlackElo "1932"]
[PlyCount "67"]
[EventDate "2017.08.24"]
[EventType "swiss"]
[EventRounds "7"]
[EventCountry "GER"]
[SourceTitle "CBM 180 Extra"]
[Source "ChessBase"]
[SourceDate "2017.10.06"]
[SourceVersion "1"]
[SourceVersionDate "2017.10.06"]
[SourceQuality "1"]

1. d4 g6 2. c4 Bg7 3. Nc3 d6 4. e4 Nc6 5. Nf3 e5 6. d5 Nce7 7. Be2 h6 8. Bd2 a6 9. b4 f5 10. Bd3 Nf6 11. Qc2 0-0 12. 0-0 Kh7 13. Ne1 f4 14. f3 g5 15. h3 Qe8 16. Rf2 Nh5 17. Bf1 Ng8 18. c5 Ngf6 19. cxd6 cxd6 20. Na4 Qd8 21. Rc1 Rf7 22. Nb2 Ng3 23. Ned3 g4 24. Nxf4 exf4 25. Bxf4 Nfh5 26. Be3 Nxf1 27. Rfxf1 gxh3 28. Nd3 hxg2 29. Qxg2 Qh4 30. Qh2 Bf6 31. Rc2 Rg7+ 32. Rg2 Rxg2+ 33. Kxg2 Bd7 34. Qxh4 0-1

[Event "Rheinland Pfalz op 7th"]
[Site "Frankenthal"]
[Date "2015.06.06"]
[Round "2"]
[White "Siedler, Marc"]
[Black "Wunschik, Joachim"]
[Result "0-1"]
[WhiteElo "1236"]
[BlackElo "1760"]
[PlyCount "76"]
[EventDate "2015.06.04"]
[EventType "swiss"]
[EventRounds "7"]
[EventCountry "GER"]
[SourceTitle "EXT 2017"]
[Source "ChessBase"]
[SourceDate "2016.10.25"]
[SourceVersion "1"]
[SourceVersionDate "2016.10.25"]
[SourceQuality "1"]

1. d4 Nf6 2. Nf3 g6 3. c4 Bg7 4. Nc3 d6 5. h3 0-0 6. e4 Nbd7 7. Be2 c5 8. d5 a6 9. a4 Qc7 10. 0-0 e5 11. Nh4 Re8 12. g4 h6 13. g5 hxg5 14. Bxg5 Nf8 15. Qd3 N8h7 16. Bd2 Qe7 17. Qg3 Qf8 18. Nxg6 fxg6 19. Qxg6 Bxh3 20. Rfe1 Qf7 21. Qg3 Bd7 22. Kg2 Nh5 23. Bxh5 Qxh5 24. Rh1 Qg4 25. Rag1 Qxg3+ 26. Kxg3 Nf6 27. f3 Kf7 28. Rh2 Rh8 29. Rhg2 Rag8 30. Kf2 Bh6 31. Rxg8 Nxg8 32. Bxh6 Rxh6 33. Ke3 Rh2 34. Rb1 a5 35. b3 Nf6 36. Ne2 Nh5 37. Nc3 Nf4 38. Re1 Ng2+ 0-1